Riconosci il Trasferimento - Quiz n°16 - Statistics

Statistiche generali
  • Questo quiz è stato fatto 418 volte
  • Il punteggio medio è 11 su 20
Statistiche sulle risposte
Ruolo Nazione Trasferimenti Calciatore % Corretto
Centrocampista Spagna Siviglia Atlético 2009 - Siviglia 2010 - Barcellona B 2012 - Liverpool 2013 - Malaga 2014 - Deportivo La Coruña 2015 - Lazio 2016 Luis Alberto
90%
Portiere Italia Juventus 2003 - Crotone 2004 - Siena 2005 - Juventus 2006 - Sampdoria 2007 - Parma 2009 - Bologna 2015 - Roma 2018 - Milan 2021 Antonio Mirante
83%
Centrocampista / Attaccante Argentina Arsenal 2006 - San Lorenzo 2009 - Catania 2010 - Metalist 2013 - Atalanta 2014 - Siviglia 2021 Alejandro Gómez
82%
Centrocampista / Attaccante Macedonia del Nord Rabotnički 2015 - Fenerbahçe 2017 - Napoli 2019 Eljif Elmas
82%
Attaccante Spagna Atletico Madrid 2000 - Liverpool 2007 - Chelsea 2011 - Milan 2014 - Atletico Madrid 2015 - Sagan Tosu 2018 Fernando Torres
82%
Centrocampista Germania Bayern Monaco II 2007 - Bayern Monaco 2007 - Bayer Leverkusen 2009 - Bayern Monaco 2010 - Real Madrid 2014 Toni Kroos
72%
Difensore Italia Milan 2011 - Juventus 2017 - Olympique Lione 2020 - Juventus 2021 Mattia De Sciglio
71%
Attaccante Spagna Villarreal 2012 - Maiorca 2013 - Villarreal 2014 - Espanyol 2015 - Villarreal 2018 Gerard Moreno
66%
Difensore Polonia Podbrezová 2019 - Žilina 2019 - Spezia 2021 - Arsenal 2023 Jakub Kiwior
62%
Portiere Ungheria Liverpool 2008 - Hereford Utd 2009 - Liverpool 2009 - Tranmere 2010 - Hull City 2011 - Red Bull Salisburgo 2013 - Red Bull Lipsia 2015 Péter Gulácsi
57%
Attaccante Paesi Bassi Jong Ajax 2016 - Ajax 2016 - Roma 2018 - Red Bull Lipsia 2020 - Nizza 2021 - Valencia 2022 Justin Kluivert
51%
Centrocampista Francia Caen 2013 - Monaco 2015 - Atletico Madrid 2018 Thomas Lemar
50%
Attaccante Argentina / Italia Huracán 2005 - ATlanta 2005 - Lecce 2006 - Fiorentina 2007 - Bologna 2009 - Espanyol 2010 - Roma 2011 - Southampton2013 - Juventus 2014 - Inter 2014 - Boca Juniors 2015 - Porto 2015 - Boca Juniors 2016 - Banfield 2019 Daniel Osvaldo
47%
Difensore Italia Empoli 2010 - Napoli 2016 - Sampdoria 2018 - Napoli 2019 - Sampdoria 2020 - Empoli 2021 Lorenzo Tonelli
40%
Portiere Paesi Bassi Ajax 2002 - Roma 2011 - Fulham 2013 - Monaco 2014 - Southampton 2015 - Everton 2016 - Ajax 2020 Maarten Stekelenburg
39%
Centrocampista / Ala Inghilterra Southampton 2006 - Bournemouth 2007 - Southampton 2008 - Liverpool 2014 - Brighton 2020 Adam Lallana
32%
Difensore / Centrocampista Argentina Ferro Carril Oeste 2010 - Racing Club 2014 - Sporting Lisbona 2017 - Siviglia 2020 Marcos Acuña
32%
Difensore / Centrocampista Austria Wr. Neustädter 2002 - Mattersburg 2003 - Bochum 2008 - Magonza 2010 - Schalke 04 21 - Leicester City 2015 - Charlotte Independence 2021 - Charlotte FC 2022 Christian Fuchs
26%
Attaccante Grecia Olympiakos 2007 - Paniōnios 2011 - Atromītos 2011 - Olympiakos 2012 - Fulham 2014 - Olympiakos 2014 - Benfica 2015 - Olympique Marsiglia 2017 - Galatasary 2019 - PSV 2019 - Olympique Marsiglia 2020 - Arīs Salonicco 2021 - Rheurdt-Schaephuysen 2023 Kōstas Mītroglou
16%
Centrocampista Spagna Real Sociedad B 2007 - Real Sociedad 2009 - Real Madrid 2013 - Real Sociedad 2015 Asier Illarramendi
13%
Nessun quiz corrispondente trovato
Distribuzione punteggi
Percentuale di utenti per punteggio
Percentile per numero di risposta
I tuoi punteggi nel tempo
Non hai fatto questo quiz